Top 10 Oudste Afrikaanse Landen - Statistieken

Algemene statistieken
  • Deze quiz is 1.795 keer genomen
  • De gemiddelde score is 7 van 10
Antwoordstatistieken
Jaar Van... Land % Correct
1910 Verenigd Koninkrijk Zuid-Afrika
90%
1922 Verenigd Koninkrijk Egypte
88%
1956 Frankrijk/Spanje Marokko
87%
1947 Italië Ethiopië
79%
1951 Italië Libië
78%
1956 Frankrijk Tunesië
71%
1956 Verenigd Koninkrijk Soedan
67%
1847 Liberia
63%
1957 Verenigd Koninkrijk Ghana
59%
1958 Frankrijk Guinee
42%
Geen overeenkomende quizzen gevonden
Scoreverdeling
Procent van Mensen met Elke Score
Percentiel versus Aantal Correcte Antwoorden
Uw Scoregeschiedenis
U heeft deze quiz nog niet genomen